[Event "Milan Palladino Memorial-B 7th"]
[Site "Milan"]
[Date "2015.04.06"]
[Round "7"]
[White "Pipitone, Filippo Massimo"]
[Black "Casamassima, Paolo"]
[Result "0-1"]
[WhiteElo "1549"]
[BlackElo "1633"]
[PlyCount "66"]
[EventDate "2015.04.02"]
[EventType "swiss"]
[EventRounds "7"]
[EventCountry "ITA"]
[SourceTitle "EXT 2017"]
[Source "ChessBase"]
[SourceDate "2016.10.25"]
[SourceVersion "1"]
[SourceVersionDate "2016.10.25"]
[SourceQuality "1"]

1. d4 Nf6 2. Nf3 e6 3. e3 d5 4. Bd3 c5 5. b3 cxd4 6. exd4 Bd6 7. Bb2 0-0 8. 0-0 Nc6 9. a3 Qc7 10. Qe2 Re8 11. Ne5 Qb6 12. Nf3 a6 13. Nbd2 Nh5 14. g3 Nf6 15. b4 Ne7 16. Ne5 Nf5 17. Ndf3 Qc7 18. c4 dxc4 19. Nxc4 Bf8 20. Rac1 Qd8 21. Rfe1 b5 22. Nce5 Bb7 23. Ng5 h6 24. Ngf3 Qd5 25. Qd1 Nd6 26. Rc5 Qa2 27. Qc2 Rac8 28. Ra1 Rxc5 29. dxc5 Qd5 30. cxd6 Bxd6 31. Kf1 Bxe5 32. Bxe5 Qxf3 33. Rc1 Nd5 0-1

[Event "Milan Crespi op-B 35th"]
[Site "Milan"]
[Date "2014.12.07"]
[Round "5"]
[White "Casamassima, Paolo"]
[Black "Viotti, Alberto"]
[Result "1-0"]
[WhiteElo "1709"]
[BlackElo "1583"]
[PlyCount "73"]
[EventDate "2014.12.04"]
[EventType "swiss"]
[EventRounds "7"]
[EventCountry "ITA"]
[SourceTitle "EXT 2017"]
[Source "ChessBase"]
[SourceDate "2016.10.25"]
[SourceVersion "1"]
[SourceVersionDate "2016.10.25"]
[SourceQuality "1"]

1. d4 Nf6 2. c4 e6 3. Nf3 b6 4. g3 Bb7 5. Bg2 Bb4+ 6. Bd2 Bxd2+ 7. Nbxd2 0-0 8. 0-0 d6 9. Re1 d5 10. Ne5 Nbd7 11. Nxd7 Qxd7 12. Rc1 c6 13. Nf3 Rac8 14. Ne5 Qe7 15. c5 bxc5 16. Rxc5 Nd7 17. Nxd7 Qxd7 18. e4 dxe4 19. Rxe4 Rfd8 20. Qb3 Rb8 21. Qc3 Ba8 22. b4 Rb5 23. Rf4 Rxc5 24. bxc5 Rb8 25. h4 Qb7 26. Kh2 Qb5 27. Qc2 Qb2 28. Qa4 Qb7 29. Be4 Qd7 30. h5 Rd8 31. Bg2 Rb8 32. Qc2 Qe7 33. Qe2 Qd7 34. Qe5 Qe8 35. Qc7 Rb7 36. Qa5 Qb8 37. Bxc6 1-0

[Event "Milan SSM op 09"]
[Site "Milan"]
[Date "2014.09.19"]
[Round "2"]
[White "Casamassima, Paolo"]
[Black "Ciciotti, Augusto Walter"]
[Result "0-1"]
[WhiteElo "1687"]
[BlackElo "1910"]
[PlyCount "108"]
[EventDate "2014.09.16"]
[EventType "swiss"]
[EventRounds "8"]
[EventCountry "ITA"]
[SourceTitle "EXT 2016"]
[Source "ChessBase"]
[SourceDate "2015.10.08"]
[SourceVersion "1"]
[SourceVersionDate "2015.10.08"]
[SourceQuality "1"]

1. d4 Nf6 2. c4 g6 3. Nf3 Bg7 4. Nc3 0-0 5. g3 d6 6. Bg2 a6 7. 0-0 Nc6 8. b3 Rb8 9. a4 Bf5 10. Nh4 Bg4 11. h3 Bd7 12. e3 e5 13. Nf3 Re8 14. d5 Ne7 15. e4 Rf8 16. Be3 Nh5 17. Qc1 Kh8 18. Bh6 Bxh6 19. Qxh6 Ng8 20. Qe3 Ng7 21. Nd2 Nh5 22. Ne2 b5 23. f4 bxa4 24. bxa4 Qe7 25. Qa7 Rb2 26. Qe3 Rfb8 27. Rab1 Rxb1 28. Nxb1 Bxa4 29. Qa7 Rb2 30. Nbc3 Bc2 31. Qxa6 Bd3 32. Rf2 Ngf6 33. Qa3 Rb8 34. Qa2 h6 35. g4 Nxf4 36. Nxf4 exf4 37. Rxf4 Qe5 38. Qf2 Qxc3 39. Rxf6 Rb1+ 40. Kh2 Qe5+ 41. Qf4 Qxf4+ 42. Rxf4 Kg7 43. Rf2 Rc1 44. c5 Rxc5 45. Rd2 Bb5 46. h4 g5 47. h5 Rc3 48. Rf2 Bd7 49. Bf3 c5 50. dxc6 Bxc6 51. Kg2 Re3 52. Rd2 Bxe4 53. Bxe4 Rxe4 54. Kf3 Re6 0-1

[Event "Milan SSM op-B 08"]
[Site "Milan"]
[Date "2014.08.03"]
[Round "7"]
[White "Biava, Pierluigi"]
[Black "Casamassima, Paolo"]
[Result "0-1"]
[WhiteElo "1613"]
[BlackElo "1671"]
[PlyCount "102"]
[EventDate "2014.07.29"]
[EventType "swiss"]
[EventRounds "7"]
[EventCountry "ITA"]
[SourceTitle "EXT 2022"]
[Source "ChessBase"]
[SourceDate "2021.10.06"]
[SourceVersion "1"]
[SourceVersionDate "2021.10.06"]
[SourceQuality "1"]

1. e4 c5 2. Nc3 e6 3. Nf3 Nc6 4. g3 a6 5. Bg2 Qc7 6. d3 Nf6 7. 0-0 Be7 8. Re1 d6 9. Bd2 0-0 10. a3 b5 11. Na2 Rb8 12. c3 e5 13. Nh4 Rd8 14. Nf5 Bxf5 15. exf5 d5 16. g4 h6 17. f3 a5 18. h4 Nh7 19. h5 c4 20. Be3 d4 21. cxd4 Nxd4 22. dxc4 Nxf5 23. gxf5 Rxd1 24. Raxd1 Qxc4 25. Nc3 Nf6 26. Bf1 Qh4 27. Bf2 Qxh5 28. Nd5 Nxd5 29. Rxd5 Qxf3 30. Rdxe5 Bf6 31. Bg2 Qg4 32. Re8+ Rxe8 33. Rxe8+ Kh7 34. b3 Qd1+ 35. Kh2 Qxb3 36. Re3 Qb2 37. Rf3 Qe5+ 38. Bg3 Qe2 39. Bf2 Qd2 40. Be3 Qd6+ 41. Kh3 Qxa3 42. Bd4 Qd6 43. Bxf6 Qxf6 44. Bf1 Qc6 45. Kg2 b4 46. f6 g6 47. Bd3 a4 48. Kf2 a3 49. Bb1 Qc1 50. Rb3 Qd2+ 51. Kg3 a2 0-1

[Event "Milan SSM op"]
[Site "Milan"]
[Date "2014.01.21"]
[Round "3"]
[White "Alidosi, Marco"]
[Black "Casamassima, Paolo"]
[Result "0-1"]
[WhiteElo "1775"]
[BlackElo "1677"]
[PlyCount "134"]
[EventDate "2014.01.14"]
[EventType "swiss"]
[EventRounds "8"]
[EventCountry "ITA"]
[SourceTitle "EXT 2015"]
[Source "ChessBase"]
[SourceDate "2014.11.20"]
[SourceVersion "1"]
[SourceVersionDate "2014.11.20"]
[SourceQuality "1"]

1. Nf3 Nf6 2. d4 d5 3. Bf4 Bg4 4. Nbd2 c6 5. c3 Nbd7 6. h3 Bh5 7. Qb3 Qb6 8. e3 Qxb3 9. axb3 e6 10. Bd3 Bxf3 11. Nxf3 Ne4 12. b4 Be7 13. 0-0 0-0 14. Ra2 Nb6 15. Bxe4 dxe4 16. Nd2 f5 17. Rfa1 a6 18. Nb3 Nd5 19. Be5 Rad8 20. Nc5 Bxc5 21. bxc5 g5 22. Rc1 Rf7 23. g3 h5 24. Kh2 Rh7 25. Rg1 Kf7 26. Raa1 Rd7 27. h4 g4 28. Ra4 Kg6 29. c4 Ne7 30. b4 Nc8 31. Rb1 Na7 32. Bb8 Nc8 33. b5 cxb5 34. cxb5 axb5 35. Rxb5 Ne7 36. Bd6 Nc6 37. Ra8 Nd8 38. Rb6 Kf7 39. Rc8 Ke8 40. Bf4 Kf7 41. Rb1 Nc6 42. Ra1 Ne7 43. Rca8 Kg6 44. Bd6 Nd5 45. Re8 Kf6 46. Be5+ Kf7 47. Raa8 Ne7 48. Bf4 Ng6 49. Bd6 Kf6 50. Ra5 Kf7 51. Rb8 Kf6 52. Ra7 e5 53. d5 f4 54. Raa8 Rhf7 55. Rd8 f3 56. Rac8 Ne7 57. Rxd7 Nxc8 58. Rxf7+ Kxf7 59. Bxe5 Ne7 60. d6 Nc6 61. Bf4 Ke6 62. Bg5 Nb4 63. Bd8 Nd3 64. Kg1 Nxc5 65. Kf1 Kxd6 66. Ke1 Nd3+ 67. Kf1 b5 0-1

[Event "Milan Crespi op-B 30th"]
[Site "Milan"]
[Date "2009.12.04"]
[Round "1"]
[White "Pierandrei, Cristiano"]
[Black "Casamassima, Paolo"]
[Result "1-0"]
[WhiteElo "1862"]
[BlackElo "1747"]
[PlyCount "45"]
[EventDate "2009.12.04"]
[EventType "swiss"]
[EventRounds "7"]
[EventCountry "ITA"]
[SourceTitle "EXT 2012"]
[Source "ChessBase"]
[SourceDate "2011.11.24"]
[SourceVersion "1"]
[SourceVersionDate "2011.11.24"]
[SourceQuality "1"]

1. d4 Nf6 2. c4 e6 3. Nc3 d5 4. cxd5 exd5 5. Bg5 c6 6. Qc2 Be7 7. e3 0-0 8. Bd3 Nbd7 9. Nge2 Re8 10. 0-0 Nf8 11. f3 h6 12. Bh4 N6h7 13. Bf2 Bh4 14. e4 Bxf2+ 15. Rxf2 f6 16. exd5 cxd5 17. Nf4 Be6 18. Re2 Qb6 19. Nxe6 Rxe6 20. Rxe6 Qxe6 21. Nxd5 Rc8 22. Qxc8 Qxd5 23. Bc4 1-0